Statystyki dla Czy wiesz co to za kraj? #2

Kliknij tutaj aby rozwiązać quiz!

Ogólne statystyki

  • Ten quiz został rozwiązany 1 719 razy
  • Średni wynik to 10 z 30

Statystyki odpowiedzi

OpisKraj% Poprawnych
Kraj należący do Unii Europejskiej, którego terytorium zależne leży w Ameryce Południowej.Francja
72%
Liga krajowa w tym państwie jest najlepsza w Europie.Hiszpania
72%
Zajmuje pierwsze miejsce na liście krajów z największą liczbą katolików.Brazylia
59%
Księstwo słynące z kasyn i wyścigów samochodowych.Monako
52%
Europejski kraj, który nie ma oficjalnej stolicy.Szwajcaria
52%
Organizator pierwszego Mundialu w historii.Urugwaj
46%
Zgodnie z prawem tego kraju na wypadek wojny w każdym domu musi być co najmniej jeden karabin. Jego język urzędowy to kataloński.Andora
43%
Za napisanie nazwy tego państwa na Facebooku można otrzymać bana.Niger
41%
Kraj leżący w Ameryce Południowej, jej prezydent w latach 1974-1990 znany jest ze zrzucania przeciwników politycznych z helikoptera.Chile
40%
Jedno z państw powstałych po rozpadzie Jugosławii, jakiś czas temu zmieniło swoją nazwę.Macedonia Północna
39%
Mieszkańcy nazywają go Królestwem Smoka Grzmotu, a smok widnieje na jego fladze.Bhutan
38%
System edukacji tego kraju jest przez wielu uznawany za najlepszy na świecie. Uczniowie rozpoczynają swoją edukację w wieku siedmiu lat i do ukończenia 16. roku życia nie są egzaminowani oraz sprawdzani – zarówno przez nauczycieli, jak i rodziców.Finlandia
38%
Kraju, któremu najwięcej dochodów przynosi wydobycie gazu ziemnego oraz ropy naftowej. Ma tylko jednego sąsiada.Katar
38%
Kraj, w którym litera "w" służy do zapisu samogłoski "u". Jego reprezentacja doszła do półfinału Mistrzostw Europy w 2016 roku.Walia
38%
Ostatni cesarz tego kraju otrzymał w 1930 roku najstarsze i najwyższe odznaczenie państwowe Rzeczypospolitej Polskiej – Order Orła Białego. Kraj ten został wyzwolony wojska brytyjskie w 1941 roku.Etiopia
37%
Obecny prezydent tego kraju może poszczycić się Złotą Piłką zdobytą w 1995 roku.Liberia
37%
Według raportu opublikowanego przez FAO oraz amerykańską agencję rządową USAID głód, który panował w tym kraju w latach 2010–2012, był skutkiem największej od 60 lat suszy w tym rejonie świata i zabił prawie 260 tysięcy ludzi. Od 1990 roku, nieprzerwanie trwa w nim wojna domowa.Somalia
35%
Kraj, w którym znajduje się najwięcej schronów.Albania
33%
Na terenie tego kraju znajdują się dwie hiszpańskie enklawy.Maroko
32%
Stolica tego kraju często mylona jest ze stolicą kraju, z którym sąsiaduje.Węgry
27%
Jest to trzeci największy anglojęzyczny kraj na świecie. Jego nazwa pochodzi od imienia króla Hiszpanii, który podbił go w drugiej połowie XVI wieku.Filipiny
23%
Na terenie tego kraju leżą dwa inne, nieuznawane. (Jedynie 5 państw członkowskich ONZ je uznaje).Gruzja
21%
Istnieją dość popularne kawały o obywatelach tego kraju i ziemniakach.Łotwa
21%
W latach 1884-1914 część tego kraju wchodziła w skład protektoratu niemieckiego, na jego terenie znajdują się Góry Bismarcka, a jego najwyższy szczyt to Góra Wilhelma. Uzyskał niepodległość od Australi dopiero w 1975 roku.Papua Nowa Gwinea
17%
W tym azjatyckim kraju niedawno wprowadzono karę śmierci dla homoseksualistów i chłostę za aborcję.Brunei
16%
Kraj ten jest obecnie najbiedniejszym krajem na świecie. Od blisko dwóch dekad cierpi z powodu ogromnej korupcji, powszechnej przemocy, głodu i chorób. Statystycznie, na 1000 nowonarodzonych dzieci aż 112 umrze przed swoimi pierwszymi urodzinami.Demokratyczna Republika Konga
16%
Kraj ten jest najmniejszą niezależną republiką na świecie. Krajową domeną najwyższego poziomu jest .nr.Nauru
13%
Kraj, w którym istnieje tzw. zielona linia, stanowiąca granicę między Południem i Północą, które są zamieszkiwane przez ludzi dwóch różnych narodowości.Cypr
12%
Pierwszy kraj, który formalnie zlikwidował siły zbrojne.Kostaryka
7%
Kraj, który statystycznie jest najgłupszym narodem świata (średnie IQ na mieszkańca to 59)Gwinea Równikowa
6%

Rozkład punktacji

Percentyl według liczby udzielonych odpowiedzi

Procent ludzi z każdym wynikiem

Twoja historia wyników

Nie rozwiązałeś tego quizu